Topografía/Álvaro Torres Nieto y Eduardo Villate Bonilla (Registro nro. 18660)

Detalles MARC
000 -LEADER
fixed length control field 00682nam a22002051a 4500
001 - CONTROL NUMBER
control field 18660
003 - CONTROL NUMBER IDENTIFIER
control field OSt
005 - DATE AND TIME OF LATEST TRANSACTION
control field 20260204212416.0
008 - FIXED-LENGTH DATA ELEMENTS--GENERAL INFORMATION
fixed length control field 180416s2000||||ck ||||||b||||||||||spa||
020 ## - NUMERO DE LIBRO INTERNACIONAL NORMALIZADO
International Standard Book Number 9588060125
082 ## - DEWEY DECIMAL CLASSIFICATION NUMBER
Classification number 526.98 T693t
100 ## - ASIENTO PRINCIPAL -- NOMBRE PERSONAL
Personal name Torres Nieto,Álvaro
245 ## - TÍTULO PROPIAMENTE DICHO: SUBTÍTULO
Title Topografía/Álvaro Torres Nieto y Eduardo Villate Bonilla
250 ## - MENCIÓN DE EDICIÓN
Edition statement 4
264 ## - PRODUCTION, PUBLICATION, DISTRIBUTION, MANUFACTURE, AND COPYRIGHT NOTICE
Place of production, publication, distribution, manufacture Bogotá:Escuela Colombiana de Ingeniería
300 ## - PHYSICAL DESCRIPTION
Extensión 460 p
650 ## - ASIENTO SECUNDARIO DE MATERIA -- TERMINO TEMÁTICO
Termino Temático Como Elemento de Entrada Fotogrametría 2.Levantamiento de planos 3.Medición de altitudes 4.Medición de superficies 5.Nivelación 6.Taquimetría 7.Topografía 8.Topografía-Instrumentos
700 ## - ASIENTO SECUNDARIO -- NOMBRE PERSONAL
Personal name Villate Bonilla,EduardoÌ
942 ## - ADDED ENTRY ELEMENTS (KOHA)
Source of classification or shelving scheme Dewey Decimal Classification
Koha item type Libros
Existencias
Withdrawn status Lost status Source of classification or shelving scheme Damaged status Not for loan Current library Date acquired Total Checkouts Full call number Barcode Date last seen Price effective from Koha item type
    Dewey Decimal Classification     Biblioteca UTECO 09/09/2019   526.98 T693T 018312 09/09/2019 09/09/2019 Libros
    Dewey Decimal Classification     Biblioteca UTECO 09/09/2019   526.98 T693T 018313 09/09/2019 09/09/2019 Libros
    Dewey Decimal Classification     Biblioteca UTECO 09/09/2019   526.98 T693T 018314 09/09/2019 09/09/2019 Libros
© 2021 Derechos Reservados UTECO - Teléfono: +1 809-585-2291 - Correo electrónico: biblioteca@uteco.edu.do​  
Código postal 43000 ​​
Dirección: Avenida Universitaria No. 100, 
Cotuí, Provincia Sánchez Ramírez, República Dominicana - RNC: 404-00059-6